| 000 | 00532nam a2200217Ia 4500 | ||
|---|---|---|---|
| 999 |
_c96164 _d96164 |
||
| 003 | 0100 | ||
| 005 | 20170927120423.0 | ||
| 008 | 130307s9999 xx 000 0 und d | ||
| 020 | _a0422754307 | ||
| 040 | _cARRUPELIB | ||
| 050 | _aGN3.S6 1970 | ||
| 245 |
_aSocialization _bThe approach from social anthropology |
||
| 260 |
_bTavistock Publications _aLondon _c1970 |
||
| 300 | _a352p. | ||
| 300 | _b22cm. | ||
| 440 |
_aA. S. A. Monographs no. 8 _936395 |
||
| 650 |
_bEthnology _xCongresses _936396 |
||
| 700 |
_aMayer, Philip (ed.) _936397 |
||
| 942 |
_2lcc _cMONOGRAPH |
||